| 000 | 01655nam a22002537a 4500 | ||
|---|---|---|---|
| 008 | 230721s2022 xxk|||||o|||| 00| 0 eng d | ||
| 041 | _aeng | ||
| 110 | _aRoyal Institution of Chartered Surveyors | ||
| 245 |
_aAlternative Dispute Resolution (ADR) Mechanisms – _bEMEA _h[Electronic resource] |
||
| 260 |
_aLondon, _bRoyal Institution of Chartered Surveyors, _c2022 |
||
| 300 | _a18p. | ||
| 490 | _aRICS Regulation | ||
| 520 | _aVersion 9. With effect from 2 March 2022 | ||
| 520 | _aThe ‘Alternative Dispute Resolution Mechanisms – EMEA' guide sets out the list of approved ADR mechanisms, including Consumer redress mechanisms and Business-to-business ADR (for EMEA). It also contains information on seeking SRB approval for an alternative ADR mechanism. RICS automatically recognises and approves the European Commission’s list of organisations for consumer-facing ADR involving consumer claims. This list would meet the requirements as set out in the Rules of Conduct. The Centre for Effective Dispute Resolution (CEDR) is approved throughout the EMEA region. As indicated above there is no additional registration required (as this will indicated on the RICS Annual Return) and this can be used on a case-by-case basis. | ||
| 650 | _aALTERNATIVE DISPUTE RESOLUTION | ||
| 650 | _aREDRESS | ||
| 651 | _aAfrica | ||
| 651 | _aEurope | ||
| 651 | _aMiddle East | ||
| 690 |
_96236 _aDispute resolution |
||
| 710 | _aRoyal Institution of Chartered Surveyors | ||
| 856 |
_uhttps://www.rics.org/content/dam/ricsglobal/documents/standards/Alternative_Dispute_Resolution_Mechanisms_EMEA.pdf _zAvailable free on RICS.org |
||
| 942 | _n0 | ||
| 999 |
_c121625 _d121625 |
||